Aprendizaje y tecnologías : (Record no. 211628)

MARC details
000 -CABECERA
campo de control de longitud fija 01632nam a2200265 a 4500
005 - FECHA Y HORA DE LA ÚLTIMA TRANSACCIÓN
campo de control 20240904161624.0
008 - DATOS DE LONGITUD FIJA--INFORMACIÓN GENERAL
campo de control de longitud fija 240826s2020 ag ||||fr|||| 000 0 spa d
020 ## - NÚMERO INTERNACIONAL NORMALIZADO PARA LIBROS
Número Internacional Normalizado del libro 9789875387560
040 ## - FUENTE DE CATALOGACIÓN
Agencia de catalogación original MX-MxUPN
Idioma de catalogación spa
Agencia que realiza la transcripción MX-MxUPN
041 0# -
-- spa
050 14 -
-- LB1028.5
-- A67 2020
245 00 - MENCIÓN DE TÍTULO
Título Aprendizaje y tecnologías :
Parte restante del título habilidades del presente, proyecciones de futuro
250 ## - MENCIÓN DE EDICIÓN
Mención de edición 1a. edición.
260 ## - PUBLICACION, DISTRIBUCION, ETC. (PIE DE IMPRENTA)
Lugar de publicación, distribución, etc. Buenos Aires, Argentina :
Nombre del editor, distribuidor, etc. Noveduc,
Fecha de publicación, distribución, etc. 2020
300 ## - DESCRIPCIÓN FÍSICA
Extensión 143 páginas
490 0# -
-- Noveduc gestión ;
-- 18
505 00 -
-- Los desafíos de aprender en un mundo algorítmico /
-- Carina Lion --
-- Autorregulación del aprendizaje en contextos educativos mediados por tecnologías digitales. Teoría, investigación y aplicaciones en la educación superior iberoamericana /
-- Paula Dieser, Cecilia Sanz, Alejandra Zangara --
-- Las habilidades digitales docentes en su laberinto. Representaciones en torno al Programa Conectar Igualdad /
-- Sebastián Benítez Larghi --
-- Retos para la formación docente en los escenarios actuales /
-- Carina Lion --
-- Relatos de estudiantes inmigrantes: mediaciones tecnológicas en tiempos de inclusión /
-- Mónica Melo --
-- Los jóvenes, la lectura y el aprendizaje: voces y sueños /
-- Carina Lion, Betina Lippenholtz --
-- Habilidades del presente, proyecciones de futuro /
-- Carina Lion.
650 #4 -
-- Enseñanza asistida por computadora
-- 4965
650 #4 -
-- Tecnología educativa
-- 4978
700 1# -
-- Lion, Carina
-- 53417
-- compilación
902 ## - ELEMENTOS DE DATOS B LOCAL, LDB (RLIN)
Creó GCH260824
Modificó Víctor Ruiz/040924
942 ## - ELEMENTOS DE PUNTO DE ACCESO ADICIONAL (KOHA)
Fuente del sistema de clasificación o colocación Library of Congress Classification
Tipo de ítem Koha Libro
Holdings
Estado de retiro Estado de pérdida Fuente del sistema de clasificación o colocación Estado dañado No para préstamo Código de colección Localización permanente Ubicación/localización actual Ubicación en estantería Fecha de adquisición Signatura topográfica completa Código de barras Fecha visto por última vez Precio válido a partir de Tipo de ítem Koha Total de préstamos Fecha del último préstamo Número de copia
    Library of Congress Classification     Colección General Bib. Gregorio Torres Quintero Bib. Gregorio Torres Quintero Procesos técnicos 26/08/2024 LB1028.5 A67 2020 339720 26/08/2024 26/08/2024 Libro      
    Library of Congress Classification     Colección General Bib. Gregorio Torres Quintero Bib. Gregorio Torres Quintero Procesos técnicos 26/08/2024 LB1028.5 A67 2020 339721 19/01/2026 26/08/2024 Libro 1 12/01/2026 Ej.2
    Library of Congress Classification     Colección General Bib. Gregorio Torres Quintero Bib. Gregorio Torres Quintero Procesos técnicos 26/08/2024 LB1028.5 A67 2020 339722 26/08/2024 26/08/2024 Libro     Ej.3